000 00648nam a2200193Ia 4500
005 20250508161823.0
008 008 250505s9999 xx 000 0 eng d
037 _aTextual
040 _aFEDL
_beng
_cFEDL
041 _aeng
_2eng
084 _a371.4, LUK
_qFEDL
100 _aLukomski Michael
_9771623
245 0 _aAlternatives for the training of skilled industrial labor in aso paulo, Brazil
260 _aMichigan
_bInstitute for International Studies in Education
300 _a96p.
490 _aProgram of studies in non-formal education supplementary series
942 _cTEXL
_h371.4, LUK
999 _c1372459
_d1372459